Jak měřit metakognici (nejen) u nadaných dětí.

Bibliographic Details
Main Author: Straka, Ondřej.
Format: eBook
Language:Czech
Published: Brno : Masaryk University, 2021.
Edition:1st ed.
Subjects:
Online Access:Click to View
LEADER 02515nam a22003493i 4500
001 EBC6913621
003 MiAaPQ
005 20231204023221.0
006 m o d |
007 cr cnu||||||||
008 231204s2021 xx o ||||0 cze d
020 |a 9788021099050  |q (electronic bk.) 
035 |a (MiAaPQ)EBC6913621 
035 |a (Au-PeEL)EBL6913621 
035 |a (OCoLC)1305840925 
040 |a MiAaPQ  |b eng  |e rda  |e pn  |c MiAaPQ  |d MiAaPQ 
100 1 |a Straka, Ondřej. 
245 1 0 |a Jak měřit metakognici (nejen) u nadaných dětí. 
250 |a 1st ed. 
264 1 |a Brno :  |b Masaryk University,  |c 2021. 
264 4 |c {copy}2021. 
300 |a 1 online resource (101 pages) 
336 |a text  |b txt  |2 rdacontent 
337 |a computer  |b c  |2 rdamedia 
338 |a online resource  |b cr  |2 rdacarrier 
505 0 |a Intro -- OBSAH -- ÚVOD -- VYMEZENÍ METAKOGNICE -- METAKOGNICE A MIMOŘÁDNÉ NADÁNÍ -- ZÁKLADNÍ ROZDĚLENÍ METOD PRO ZJIŠŤOVÁNÍ METAKOGNICE -- ON-LINE METODY -- Analýza TAP -- Analýza postupů registrovaných pomocí počítače -- Sledování očních pohybů (eye-tracking) -- OFF-LINE METODY -- Dotazníky a posuzovací škály -- Metakognitivní interview -- Metoda stimulovaného vybavení -- SPECIFIKA MĚŘENÍ METAKOGNITIVNÍHO MONITOROVÁNÍ OBTÍŽNOSTI ÚLOHY -- MÍRY ABSOLUTNÍ PŘESNOSTI -- Index absolutní přesnosti -- Index kalibrace s rozdělením posuzovací škály do kategorií -- Bias index -- Indexy používané při práci s kategorickými druhy metakognitivních odhadů -- Prostý koeficient shody (simple matching coeficient) -- Hamannův koeficient -- MÍRY RELATIVNÍ PŘESNOSTI -- Pearsonův korelační koeficient -- Index rozlišení -- Koeficient gamma -- Porovnání Hamannova koeficientu a koeficientu gamma -- METRIKY Z ALOŽENÉ NA TEORII DETEKCE SIGNÁLU -- AUROC2 -- Meta-d ́-- ZÁVĚREM -- SUMMARY -- LITERATURA. 
588 |a Description based on publisher supplied metadata and other sources. 
590 |a Electronic reproduction. Ann Arbor, Michigan : ProQuest Ebook Central, 2023. Available via World Wide Web. Access may be limited to ProQuest Ebook Central affiliated libraries.  
655 4 |a Electronic books. 
776 0 8 |i Print version:  |a Straka, Ondřej  |t Jak měřit metakognici (nejen) u nadaných dětí  |d Brno : Masaryk University,c2021 
797 2 |a ProQuest (Firm) 
856 4 0 |u https://ebookcentral.proquest.com/lib/matrademy/detail.action?docID=6913621  |z Click to View